000 00301nam a2200133Ia 4500
005 20251222140112.0
008 251222s1900||||xx |||||||||||||| ||spa||
020 _a9972825000
082 _a179.1/S31
100 _aScola, Angelo
245 0 _a¿Qué es la Vida?:
264 _bEncuentro
942 _cLIB
999 _c4362
_d4362